Polski----English #8 - Statystyki

Ogólne statystyki
  • Ten quiz został rozwiązany 71 razy
  • Średni wynik to 4 z 28
Statystyki odpowiedzi
Hint Odpowiedź % Poprawnych
pazur claw
60%
powierzchnia surface
47%
pojemność capacity
36%
rozważać consider
34%
wyjątek exception
34%
szyć sew
30%
przekonać convince
28%
widocznie apparently
21%
samogłoska vowel
21%
wierzba willow
19%
estetyka aesthetics
17%
odmowa denial
13%
szkodzić harm
13%
nieuchronnie inevitably
11%
ciemny dim
4%
ponury grimmy
4%
pośpiech hustle
4%
przestarzały obsolete
4%
odbiorca recipient
4%
odkryć na nowo reinvent
4%
niegodziwy wicked
4%
używany worn
4%
zamierzać tend
2%
przemiana, przejście transition
2%
pojawić się nagle emerge
0%
wykorzystać exploit
0%
niepewność insecurity
0%
rozwiązać tackle
0%
Nie znaleziono quizów pasujących do podanych kryteriów
Rozkład punktacji
Procent ludzi z każdym wynikiem
Percentyl według liczby udzielonych odpowiedzi
Twoja historia wyników
Nie rozwiązałeś tego quizu